Διεθνείς κεφαλαιοαγορές και ελληνικό χρηματιστήριο

Αποθηκεύτηκε σε:
Λεπτομέρειες βιβλιογραφικής εγγραφής
Κύριος συγγραφέας: Γαλιάτσος, Κώστας
Μορφή: Βιβλίο
Γλώσσα:Greek
Δημοσίευση: Αθήνα, Κομοτηνή : Σάκκουλα, 1994
Θέματα:
Ετικέτες: Προσθήκη ετικέτας
Δεν υπάρχουν, Καταχωρήστε ετικέτα πρώτοι!

MARC

LEADER 00000nam a2200000 i 4500
001 1/58462
008 960523s1994 gre d
020 |a 960-232-082-6 
035 |l 10028369 
040 |a GR-MY-UA  |b gre  |e aacr 
041 0 |a gre 
082 0 |a 332.642 
100 1 |a Γαλιάτσος, Κώστας. 
245 1 0 |a Διεθνείς κεφαλαιοαγορές και ελληνικό χρηματιστήριο /  |c Κώστας Γαλιάτσος 
260 |a Αθήνα, Κομοτηνή :   |b Σάκκουλα,   |c 1994 
300 |a 354 σ. 
650 0 0 |a Securities. 
650 0 0 |a Stock exchanges  |z Greece. 
852 |a INST  |b CHIOS  |e 19960523  |h 332.642 ΓΑΛ  |p 005200008274  |q 005200008274  |t BK  |y 0 
909 |a Χ  |b 043138